000 nam a22 a 4500
999 _c53409
_d53409
003 BLK
005 20230506024439.0
008 180408b bul|||||r ||||||| ||bul||
010 _aKNG00057346000
040 _aBLK
041 _aBUL
_cBUL
080 _aАнглийска литература
_b821.111
_x-31
_z821.111-31
100 1 _aРид, Томас Майн
_d1818-1883
_eпърви автор
_9365222
139 _aРид, Томас Майн
_bР 59
245 1 0 _aБялата ръкавица
_bРоман
_cТомас Майн Рид; прев. от англ. Жени Панайотова Божилова; худож. Петър Терзиев.
257 _aGBR
260 _aСофия
_bОтечество
_c1981
_fСофия : ДП Тодор Димитров
300 _a495 с.
_bс ил.
_c22 см
380 _aX
500 _aОриг. загл. The White Gauntlet. - В кн. означено 3. изд. - 200 115 тир.
653 _aромани
700 1 _aБожилова, Жени Панайотова
_eпрев. от англ.
_9363346
700 1 _aТерзиев, Петър
_eхудож.
_9254013
852 _aЦб 110651
856 4 _qpdf
_i0.00
_ldisable
856 4 _qpdf
_i0.00
_ldisable
942 _cKNG
_n0
_02
_s1
944 _aCR
_c29.06.2011
_lф /
_kЛюдмила_Стоянова
944 _aED
_c2022-12-13
_l2022-12-13
_kир
999 _d53409